The Cambridge paperback encyclopedia
This book has been fully revised, updated, supplemented and redesigned. Over 20000 entries and almost one million words ensure that is this one of the fullets and most comprehensive general reference books available in a concise form
שמור ב:
| פורמט: | ספר |
|---|---|
| שפה: | Undetermined |
| יצא לאור: |
New York
Cambridge Univ. Press
1995
|
| נושאים: | |
| תגים: |
הוספת תג
אין תגיות, היה/י הראשונ/ה לתייג את הרשומה!
|
| Thư viện lưu trữ: | Trung tâm Học liệu Trường Đại học Cần Thơ |
|---|
| LEADER | 00713nam a2200181Ia 4500 | ||
|---|---|---|---|
| 001 | CTU_14940 | ||
| 008 | 210402s9999 xx 000 0 und d | ||
| 020 | |b 28.48df | ||
| 082 | |a 413 | ||
| 082 | |b C178 | ||
| 245 | 4 | |a The Cambridge paperback encyclopedia | |
| 260 | |a New York | ||
| 260 | |b Cambridge Univ. Press | ||
| 260 | |c 1995 | ||
| 520 | |a This book has been fully revised, updated, supplemented and redesigned. Over 20000 entries and almost one million words ensure that is this one of the fullets and most comprehensive general reference books available in a concise form | ||
| 650 | |a english language - encylopedias | ||
| 904 | |i Minh, 970107 | ||
| 980 | |a Trung tâm Học liệu Trường Đại học Cần Thơ | ||